Toreo de sillón / (Registro nro. 25632)

Detalles MARC
000 -LEADER
fixed length control field 00747nam a2200205 a 4500
005 - DATE AND TIME OF LATEST TRANSACTION
control field 20250331191038.0
008 - FIXED-LENGTH DATA ELEMENTS--GENERAL INFORMATION
fixed length control field 110309s2010 ck gr 000 0 spa d
020 ## - INTERNATIONAL STANDARD BOOK NUMBER
International Standard Book Number 9789587580402
040 ## - CATALOGING SOURCE
Original cataloging agency CO-CtgCURN
Language of cataloging spa
Transcribing agency coctgcurn
082 04 - DEWEY DECIMAL CLASSIFICATION NUMBER
Classification number 791.82
Item number C112
Edition information 21
100 1# - MAIN ENTRY--PERSONAL NAME
Personal name Caballero Holguín, Antonio,
Dates associated with a name 1945-2021.
245 10 - TITLE STATEMENT
Title Toreo de sillón /
Statement of responsibility, etc. Antonio Caballero.
260 ## - PUBLICATION, DISTRIBUTION, ETC.
Place of publication, distribution, etc. Bogotá :
Name of publisher, distributor, etc. Aguilar,
Date of publication, distribution, etc. 2010.
300 ## - PHYSICAL DESCRIPTION
Extent 275 p.
600 14 - SUBJECT ADDED ENTRY--PERSONAL NAME
Personal name Caballero, Antonio,
Dates associated with a name 1945-
General subdivision Colecciones de escritos.
650 17 - SUBJECT ADDED ENTRY--TOPICAL TERM
Topical term or geographic name entry element Corridas de toros
Form subdivision Ensayos, conferencias, etc.
Source of heading or term LEMB
650 17 - SUBJECT ADDED ENTRY--TOPICAL TERM
Topical term or geographic name entry element Tauromaquia
Form subdivision Ensayos, conferencias, etc.
Source of heading or term LEMB
942 ## - ADDED ENTRY ELEMENTS (KOHA)
Institution code [OBSOLETE] MHC
-- MHC
Koha item type Libros
Classification part 791.82
Item part C112
Source of classification or shelving scheme Dewey Decimal Classification
Existencias
Withdrawn status Lost status Source of classification or shelving scheme Damaged status Not for loan Collection Home library Current library Shelving location Date acquired Inventory number Total checkouts Full call number Barcode Date last seen Price effective from Koha item type Public note
    Dewey Decimal Classification     General Miguel Henríquez Castañeda Miguel Henríquez Castañeda General 03/31/2025 024008   791.82 C112 024008 03/31/2025 03/31/2025 Libros 790-ARTESR